000 00400nam a2200157Ia 4500
005 20250312031655.0
008 240331s9999 xx 000 0 und d
020 _a9788189359942
082 _bFAH
_a894
100 _aFahimaajahaan
245 0 _aAatit tuyar
260 _aNagercoil
_bKalachuvadu Pathippagam
_c2010
300 _a136 p .,
500 _aIts Women Based Poems in Sri Lanka
942 _cL
999 _c5423
_d5423